[Event "Cidreira op"]
[Site "Cidreira"]
[Date "2025.05.04"]
[Round "7"]
[White "Valle, Arthur Osiris Do"]
[Black "Seefeld Braun, Mateus"]
[Result "1-0"]
[WhiteElo "1763"]
[BlackElo "1800"]
[PlyCount "54"]
[EventDate "2025.05.01"]
[EventType "swiss"]
[EventRounds "7"]
[EventCountry "BRA"]
[SourceTitle "CB19_2025"]
[SourceDate "2025.05.07"]
[SourceVersion "1"]
[SourceVersionDate "2025.05.07"]
[SourceQuality "1"]

1. e4 e6 2. d4 d5 3. e5 c5 4. c3 f6 5. Bf4 Nc6 6. Nf3 fxe5 7. Nxe5 Nf6 8. Bb5 Bd6 9. Nxc6 Qc7 10. Bxd6 Qxd6 11. Ne5+ Bd7 12. Nxd7 Nxd7 13. Bxd7+ Qxd7 14. 0-0 0-0 15. Nd2 Rf6 16. Rb1 Qf7 17. dxc5 Rc8 18. b4 Rf8 19. Nf3 Qh5 20. c4 Rh6 21. h3 Rg6 22. b5 Qxf3 23. Qxf3 Rxf3 24. c6 bxc6 25. bxc6 Rxh3 26. c7 Rhh6 27. c8Q+ Kf7 1-0

[Event "Cidreira op"]
[Site "Cidreira"]
[Date "2025.05.02"]
[Round "3"]
[White "Dos Santos, Celso Freire"]
[Black "Seefeld Braun, Mateus"]
[Result "1-0"]
[WhiteElo "1488"]
[BlackElo "1800"]
[PlyCount "91"]
[EventDate "2025.05.01"]
[EventType "swiss"]
[EventRounds "7"]
[EventCountry "BRA"]
[SourceTitle "CB19_2025"]
[SourceDate "2025.05.07"]
[SourceVersion "1"]
[SourceVersionDate "2025.05.07"]
[SourceQuality "1"]

1. e4 e6 2. d3 d5 3. exd5 exd5 4. Nf3 Nc6 5. g3 Nf6 6. Bg2 Bg4 7. 0-0 g6 8. Bg5 Bg7 9. Re1+ Be6 10. Nc3 Qd7 11. Bh3 Qd6 12. Nb5 Qd7 13. Qe2 0-0 14. Bxe6 fxe6 15. Qxe6+ Qxe6 16. Rxe6 Rae8 17. Rae1 Rxe6 18. Rxe6 Re8 19. Nxc7 Rxe6 20. Nxe6 Nb4 21. Ne1 Nxa2 22. f3 Kf7 23. Nd8+ Ke7 24. Nxb7 h6 25. Bxf6+ Bxf6 26. c3 Nc1 27. d4 Bg5 28. f4 Bf6 29. Nc5 Kd6 30. Kf2 Kc6 31. Ke3 Be7 32. Kd2 Bxc5 33. Kxc1 Be7 34. Nf3 a5 35. b3 Ba3+ 36. Kc2 Kb5 37. Ne5 g5 38. f5 a4 39. b4 Bxb4 40. cxb4 Kxb4 41. f6 a3 42. f7 a2 43. f8Q+ Ka4 44. Nc6 Kb5 45. Qc5+ Ka4 46. Qb4# 1-0

[Event "Cidreira op"]
[Site "Cidreira"]
[Date "2025.05.01"]
[Round "1"]
[White "Conor, Gilberto Bordignon"]
[Black "Seefeld Braun, Mateus"]
[Result "1-0"]
[WhiteElo "1813"]
[BlackElo "1800"]
[PlyCount "35"]
[EventDate "2025.05.01"]
[EventType "swiss"]
[EventRounds "7"]
[EventCountry "BRA"]
[SourceTitle "CB19_2025"]
[SourceDate "2025.05.07"]
[SourceVersion "1"]
[SourceVersionDate "2025.05.07"]
[SourceQuality "1"]

1. e4 e5 2. Nf3 Nc6 3. Bc4 d6 4. d4 f6 5. dxe5 fxe5 6. Ng5 Na5 7. Bxg8 Rxg8 8. Qd5 Qf6 9. Qxg8 Qh6 10. Qf7+ Kd8 11. Qxf8+ Kd7 12. Qf7+ Kd8 13. 0-0 Nc6 14. Nc3 Nb4 15. f4 Nxc2 16. fxe5 Nxa1 17. e6 Bxe6 18. Nxe6+ 1-0